Biblioteca

Expresión literaria del placer en la Biblia hebrea (Registro nro. 44430)

Detalles MARC
000 -LÍDER
Campo fijo de descripción fija 01509nam a22003737a 4500
001 - NÚMERO DE CONTROL
Campo de control 17936
003 - IDENTIFICADOR DEL NÚMERO DE CONTROL
Campo de control CO-MdFUSB
005 - FECHA Y HORA DE LA ULTIMA TRANSACCIÓN
control field 20240531062738.0
008 - ELEMENTOS DE LONGITUD FIJA -- INFORMACIÓN GENERAL
Campo fijo de descripción fija -- Información general 170602t2010 s ||||| |||| 00| 0 s d
020 ## - NÚMERO INTERNACIONAL NORMALIZADO PARA LIBROS
Número Internacional Normalizado del libro 978-84-9945-112-1
040 ## - FUENTE DE CATALOGACIÓN
Agencia de catalogación original CO-MdFUSB
Idioma de catalogación spa
Agencia que realiza la transcripción CO-MdFUSB
Agencia que realiza la modificación CO-MdFUSBC
Convenciones de la descripción rda
041 0# - CÓDIGO DE IDIOMA
Código de idioma para texto/pista de sonido o título separado spa
082 04 - NÚMERO DE CLASIFICACIÓN DECIMAL DEWEY
Número de clasificación G 221.04 T7862e
100 1# - ASIENTO PRINCIPAL--NOMBRE PERSONAL
Nombre personal Treek Nilsson, Mike van 1974-
Término relacionador autor
245 #0 - TÍTULO
Título del Material Expresión literaria del placer en la Biblia hebrea
Mención de responsabilidad, etc. / Mike van Treek Nilsson
264 #4 - PRODUCCIÓN, PUBLICACIÓN, DISTRIBUCIÓN, MANUFACTURA, Y COPYRIGHT
Lugar de producción, publicación, distribución, manufactura Estella, Navarra :
Nombre del productor, publicador, distribuidor Verbo Divino,
Fecha de producción, publicación, distribución, manufactura, o copyright ©2010
300 ## - DESCRIPCIÓN FÍSICA
Extensión 444 p. 24 cm
336 ## - TIPO DE CONTENIDO
Fuente rdacontent
Término de tipo de contenido
Código de tipo de contenido
337 ## - TIPO DE MEDIO
Fuente rdamedia
Nombre del tipo de medio
Código del tipo de medio
338 ## - TIPO DE SOPORTE
Fuente rdacarrier
Nombre del tipo de soporte
Código Tipo de soporte
501 ## - NOTA DE “CON”
Nota de Contenido En rústico
505 00 - NOTA DE CONTENIDO
Nota de contenido con formato preestablecido El placer revisado en la cultura -- Lexicografía del placer -- Hacia un prototipo del placer -- A modo de conclusión: metáforas y léxicos centrales del placer -- La puesta en escena del placer -- Un modelo de análisis narrativo -- Traje desastre: 1 Sam 17,55-21-1-- Espuma en las caderas: 2 Sam 13,1-22 -- La mitad del amor: Gn 29,1 -30,24
650 #7 - ASIENTO SECUNDARIO DE MATERIA - TERMINO TEMÁTICO
Término temático o nombre geográfico como elemento de entrada Cristianismo
Fuente del encabezamiento o término
9 (RLIN) 22
650 #7 - ASIENTO SECUNDARIO DE MATERIA - TERMINO TEMÁTICO
Término temático o nombre geográfico como elemento de entrada Dolor
9 (RLIN) 282
650 #7 - ASIENTO SECUNDARIO DE MATERIA - TERMINO TEMÁTICO
Término temático o nombre geográfico como elemento de entrada Crítica literaria
9 (RLIN) 527
650 #7 - ASIENTO SECUNDARIO DE MATERIA - TERMINO TEMÁTICO
Término temático o nombre geográfico como elemento de entrada Sociología cristiana
9 (RLIN) 405
650 #7 - ASIENTO SECUNDARIO DE MATERIA - TERMINO TEMÁTICO
Término temático o nombre geográfico como elemento de entrada Ética cristiana
Fuente del encabezamiento o término
9 (RLIN) 185
650 #7 - ASIENTO SECUNDARIO DE MATERIA - TERMINO TEMÁTICO
Término temático o nombre geográfico como elemento de entrada Amor
Subdivisión general Aspectos religiosos
Subdivisión de forma Cristianismo
Fuente del encabezamiento o término
9 (RLIN) 255
653 ## - TÉRMINO DE INDIZACIÓN - NO CONTROLADO
Término no controlado Placer - Biblia A.T.
653 ## - TÉRMINO DE INDIZACIÓN - NO CONTROLADO
Término no controlado Biblia A.T. - Placer - Estética literaria
653 ## - TÉRMINO DE INDIZACIÓN - NO CONTROLADO
Término no controlado Placer - Moral y ética
653 ## - TÉRMINO DE INDIZACIÓN - NO CONTROLADO
Término no controlado Placer - aspectos religiosos - Cristianismo
942 ## - TIPO DE MATERIAL (KOHA)
Tipo de Item KOHA Libros General
Existencias
Estado de Material Estado de Perdido Estado de Dañado No para Préstamo Colección Tomo Biblioteca de Origen Biblioteca Permanente Fecha de Adquisición Total de Préstamos Signatura Topográfica Código de Barras Última vez visto Ejemplar/Existencia Fecha de Remplazo Tipo de Material
        Colección General   Biblioteca FUSBC Biblioteca FUSBC 26/03/2013   G 221.04 T7862e 17459 12/12/2019 1 26/01/2016 Libros General

Biblioteca FUSBC | Teléfono: (57+4) 349 88 10 Ext. 141| WhatsApp (+57) 3005338115 
E-mail: biblioteca@unisbc.edu.co | Calle 76 87-14 Robledo Palenque, Medellín, Colombia

Con tecnología Koha